| 000 | 00659nam a2200205 a 4500 | ||
|---|---|---|---|
| 001 | 000025624 | ||
| 005 | 20200930023926.0 | ||
| 008 | 110218s1991 sp r 000 0 spa d | ||
| 020 | _a8478200967 | ||
| 040 |
_aDO-SdBNP _bspa _cBNPHU |
||
| 082 |
_ann* _bnn* |
||
| 100 | 1 |
_aRedondo Andújar, Antonio. _952322 |
|
| 245 | 1 | 0 |
_aFantasmagorías entre poemas de amor que no deben ser cantados / _cAntonio Redondo Andújar. |
| 260 |
_aZaragoza : _bInstitución Fernando el Católico, _c1991. |
||
| 300 |
_a54 p. ; _c24 cm. |
||
| 490 | 1 |
_aSan Jorge. _v61 |
|
| 586 | _aPremio del VI Concurso "Isabel de Portugal". | ||
| 830 | 0 |
_aSan Jorge _v61 _914367 |
|
| 049 | _aBNGR | ||
| 999 |
_c25116 _d25116 |
||